Statistiques concernant Autriche - pays frontaliers

Cliquez ici pour prendre le quiz!

Statistiques générales

  • Ce quiz a été pris 104 fois
  • Le résultat moyen est 7 sur 8

Statistiques - réponses

Pays% Correct
Allemagne
100%
Suisse
99%
Slovaquie
97%
Hongrie
93%
Slovénie
92%
Italie
89%
Liechtenstein
87%
République tchèque
77%

Distribution des résultats

Percentile par nombre de réponses

% des personnes avec chaque résultat

Votre développement - résultats

Vous n’avez pas pris ce quiz